000 00675nam a2200253Ia 4500
003 OSt
005 20221007101325.0
006 a|||||r|||| 00| 0
007 ta
008 221006b |||||||| |||| 00| 0 eng d
024 _a6,248
037 _cTextual
040 _aLCO
_cLCO
_beng
041 _2eng
_aeng
082 _aX415:954q, L3
100 _aMainee B.S.
_9702864
245 0 _aDigest of Railway Discipline Appeal and Conduct Rules
250 _a1st
260 _aSaharanpur
_bVerman and Company India
_c1973
300 _a403
650 _aRAILWAY
_9264351
942 _hX415:954q, L3
_cTEXL
999 _c1175811
_d1175811